О месте инженерной подготовки в образовательных программах бакалавров и магистров; Инженерное образование; № 15

Bibliographische Detailangaben
Parent link:Инженерное образование: электронный научный журнал/ Ассоциация инженерного образования России (АИОР).— : [Б. и.], 2003-.— 1810-2883
№ 15.— 2014.— [С. 76-83]
1. Verfasser: Агеев О. А.
Weitere Verfasser: Иванцов В. В.
Zusammenfassung:Заглавие с титульного листа
Предложена унифицированная компетентностная модель общеинженерной подготовки бакалавров и магистров, формулирующая единые требования к общеинженерной подготовке вне зависимости от ее направления. Модель предназначена для использования при разработке собственных образовательных стандартов высшего образования различных инженерных направлений.
Sprache:Russisch
Veröffentlicht: 2014
Schriftenreihe:Повышение качества подготовки инженеров. Опыт и перспективы
Schlagworte:
Online-Zugang:https://old.aeer.ru/files/io/m15/art_10.pdf
Format: MixedMaterials Elektronisch Buchkapitel
KOHA link:https://koha.lib.tpu.ru/cgi-bin/koha/opac-detail.pl?biblionumber=539825

MARC

LEADER 00000naa2a2200000 4500
001 539825
005 20250520135000.0
035 |a (RuTPU)RU\TPU\prd\229641 
035 |a RU\TPU\prd\229640 
090 |a 539825 
100 |a 20150114a2014 k y0rusy50 ca 
101 0 |a rus 
102 |a RU 
135 |a drcn ---uucaa 
181 0 |a i  
182 0 |a b 
200 1 |a О месте инженерной подготовки в образовательных программах бакалавров и магистров  |b Электронный ресурс  |f О. А. Агеев, В. В. Иванцов 
203 |a Текст  |c электронный 
215 |a 1 файл (299 Кб) 
225 1 |a Повышение качества подготовки инженеров. Опыт и перспективы 
230 |a Электронные текстовые данные (1 файл : 299 Кб) 
300 |a Заглавие с титульного листа 
320 |a [Библиогр.: с. 83 (9 назв.)] 
330 |a Предложена унифицированная компетентностная модель общеинженерной подготовки бакалавров и магистров, формулирующая единые требования к общеинженерной подготовке вне зависимости от ее направления. Модель предназначена для использования при разработке собственных образовательных стандартов высшего образования различных инженерных направлений. 
337 |a Adobe Reader 
461 1 |0 (RuTPU)RU\TPU\prd\176632  |x 1810-2883  |t Инженерное образование  |o электронный научный журнал  |f Ассоциация инженерного образования России (АИОР)  |n [Б. и.]  |d 2003- 
463 1 |0 (RuTPU)RU\TPU\prd\1171  |t № 15  |v [С. 76-83]  |d 2014 
610 1 |a инженерное образование 
610 1 |a электронный ресурс 
610 1 |a инженерная подготовка 
610 1 |a образовательные программы 
610 1 |a бакалавры 
610 1 |a магистры 
610 1 |a образовательные стандарты 
700 1 |a Агеев  |b О. А. 
701 1 |a Иванцов  |b В. В. 
801 1 |a RU  |b 63413507  |c 20090623  |g PSBO 
801 2 |a RU  |b 63413507  |c 20180426  |g PSBO 
856 4 |u https://old.aeer.ru/files/io/m15/art_10.pdf 
942 |c BK